Palaeoecology : (Record no. 6888)

MARC details
000 -LEADER
fixed length control field 01131cam a2200301 a 4500
001 - CONTROL NUMBER
control field 3096153
003 - CONTROL NUMBER IDENTIFIER
control field OSt
005 - DATE AND TIME OF LATEST TRANSACTION
control field 20210426162327.0
008 - FIXED-LENGTH DATA ELEMENTS--GENERAL INFORMATION
fixed length control field 980622s1998 enka b 001 0 eng
010 ## - LIBRARY OF CONGRESS CONTROL NUMBER
LC control number 98162877
020 ## - INTERNATIONAL STANDARD BOOK NUMBER
International Standard Book Number 0412434504
040 ## - CATALOGING SOURCE
Transcribing agency DDC
050 00 - LIBRARY OF CONGRESS CALL NUMBER
Classification number QE720
Item number .B74 1998
082 00 - DEWEY DECIMAL CLASSIFICATION NUMBER
Classification number 560BRE 1998
100 1# - MAIN ENTRY--PERSONAL NAME
Personal name Brenchley, P. J.
9 (RLIN) 14132
245 10 - TITLE STATEMENT
Title Palaeoecology :
Remainder of title ecosystems, environments, and evolution /
Statement of responsibility, etc. Patrick J. Brenchley and David A.T. Harper.
250 ## - EDITION STATEMENT
Edition statement 1st ed.
260 ## - PUBLICATION, DISTRIBUTION, ETC. (IMPRINT)
Place of publication, distribution, etc. London ;
-- New York :
Name of publisher, distributor, etc. Chapman & Hall,
Date of publication, distribution, etc. 1998.
300 ## - PHYSICAL DESCRIPTION
Extent xxv, 402 p. :
Other physical details ill. ;
Dimensions 25 cm.
504 ## - BIBLIOGRAPHY, ETC. NOTE
Bibliography, etc Includes bibliographical references and index.
650 #0 - SUBJECT ADDED ENTRY--TOPICAL TERM
Topical term or geographic name as entry element Paleoecology.
9 (RLIN) 14133
700 1# - ADDED ENTRY--PERSONAL NAME
Personal name Harper, D. A. T.
9 (RLIN) 14134
856 42 - ELECTRONIC LOCATION AND ACCESS
Materials specified Publisher description
Uniform Resource Identifier <a href="http://www.loc.gov/catdir/enhancements/fy0648/98162877-d.html">http://www.loc.gov/catdir/enhancements/fy0648/98162877-d.html</a>
856 41 - ELECTRONIC LOCATION AND ACCESS
Materials specified Table of contents only
Uniform Resource Identifier <a href="http://www.loc.gov/catdir/enhancements/fy1305/98162877-t.html">http://www.loc.gov/catdir/enhancements/fy1305/98162877-t.html</a>
906 ## - LOCAL DATA ELEMENT F, LDF (RLIN)
a 7
b cbc
c orignew
d 2
e ncip
f 19
g y-gencatlg
942 ## - ADDED ENTRY ELEMENTS (KOHA)
Source of classification or shelving scheme Dewey Decimal Classification
Koha item type Open Shelf
Holdings
Withdrawn status Lost status Source of classification or shelving scheme Damaged status Not for loan Home library Current library Date acquired Source of acquisition Inventory number Total Checkouts Full call number Barcode Date last seen Price effective from Koha item type
    Dewey Decimal Classification     MUST Main Library MUST Main Library 26/04/2021 Purchase 04/22150   560BRE 1998 2021-0443 26/04/2021 26/04/2021 Open Shelf